00390cam a2200181 i 4500001000800000005001700008008004100025010001700066020001000083040001800093041000800111043001200119080002000131082002000151100000700171101000800178245002200186315703220180306071804.0741022s1973 vaua 000 0deng  a 74186376  c$3.95 aDLCcDLCdDLC aeng an-us-va a917.5528034 HIR00a917.5528034 HIR a44 aART00aLoudoun harvest :